00670nam a2200229 a 4500001001300000003000900013005001700022008004100039020001000080082001400090245002000104260004700124300000900171500003500180505003400215650001300249710003300262902000800295942000700303952011500310999001500425nice12345678IN_TiNIC20260116012352.0050524s1982 sina grp 000 0 eng  ac10000a266bCCA3 aThere Is No End aSingapurbChristian Conference Indiac1982 a104p aincludes index and biblioraphy2 aCompiled By Dorothy M. Harvey aMissions2 aChristian Conference of Asia bSRS cBK 001040708StackRoom-aHMIbHMId2007-07-11g100.00l0o266 CCA3p012664r2007-07-11v100.00w2005-05-24yBK c6737d6737